000 00799nam a2200217 a 4500
001 000020812
005 20200930011153.0
008 100817r19591961mx 000 0 eng d
040 _aDO-SdBNP
_bspa
_cBPJMB
082 _a428.24
_bC323e, 1959
100 1 _aCarter, James Patrick,
_943636
245 1 0 _aEnglish :
_bamerican english course /
_cJames Patrick Carter, Jane Griswold.
250 _a2a ed. rev. y modificada.
260 _aMéxico :
_bInstituto Mexicano Norteamericano de Relaciones Culturales,
_c1959.
300 _av ;
_c22 cm.
650 4 _aInglés
_xGramática
_93822
650 4 _aInglés
_xEjercicios de redacción
_93823
650 4 _aLingüística
_zEstados Unidos
_xGramática
_93824
650 4 _aLingüística
_xProblemas, ejercicios, etc.
_93825
700 1 _aGriswold, Jane,
_943637
999 _c20316
_d20316